LEADER 03716oam 2200697I 450 001 9910450984903321 005 20200520144314.0 010 $a1-135-76092-6 010 $a1-280-41413-8 010 $a9786610414130 010 $a0-203-50606-5 024 7 $a10.4324/9780203506066 035 $a(CKB)1000000000252768 035 $a(EBL)259013 035 $a(OCoLC)475975360 035 $a(SSID)ssj0000224493 035 $a(PQKBManifestationID)11185411 035 $a(PQKBTitleCode)TC0000224493 035 $a(PQKBWorkID)10210173 035 $a(PQKB)11161843 035 $a(MiAaPQ)EBC259013 035 $a(Au-PeEL)EBL259013 035 $a(CaPaEBR)ebr10162847 035 $a(CaONFJC)MIL41413 035 $a(OCoLC)252832275 035 $a(EXLCZ)991000000000252768 100 $a20180331d2005 uy 0 101 0 $aeng 135 $aur|n|---||||| 181 $ctxt 182 $cc 183 $acr 200 10$aPopular protest in East Germany, 1945-1989 /$fGareth Dale 210 1$aLondon ;$aNew York :$cRoutledge,$d2005. 215 $a1 online resource (265 p.) 225 1 $aRoutledge advances in European politics ;$v27 300 $aDescription based upon print version of record. 311 $a1-138-99514-2 311 $a0-7146-5408-6 320 $aIncludes bibliographical references (p. [194]-243) and index. 327 $aMass movements in the GDR's early years -- The June 1953 uprising -- Labour heritage and collective action, 1945-53 -- Infra-political resistance and social movements, 1954-88 -- Techniques of domination, arts of resistance -- Helsinki and Bohemia: emigration and youth rebellion -- 'Politics in the bell jar': socio-ethical movements in the 1980s -- The formation of political opposition -- The revolution of 1989 -- The summer crisis -- The autumn uprising -- Intellectuals and workers. 327 $aMass movements in the GDR's early years -- The June 1953 uprising -- Labour heritage and collective action, 1945-53 -- Infra-political resistance and social movements, 1954-1988 -- Techniques of domination, arts of resistance -- Helsinki and Bohemia: emigration and youth rebellion -- 'Politics in the bell jar': socio-ethical movements in the 1980s -- The formation of political opposition -- The revolution of 1989 -- The summer crisis -- The autumn uprising -- Intellectuals and workers. 330 $aAn incisive new study of dissent and protest in the German Democratic Republic, focusing on the upheaval of 1989-1990. The author, an active participant both in the 'Citizens' Movement' and in the street protests of that year, draws upon a vast array of sources including interviews, documents from the archives of the old regime and the Citizens' Movement and his own diary entries, to explore the causes and processes of the East German revolution. The book is at once a lucid and vibrant narrative history and a pioneering contribution to research in this field. 410 0$aRoutledge advances in European politics ;$v27. 606 $aWorking class$zGermany (East)$xPolitical activity$xHistory$y20th century 606 $aProtest movements$zGermany (East) 606 $aOpposition (Political science)$zGermany (East) 607 $aGermany (East)$xHistory$yUprising, 1953 608 $aElectronic books. 615 0$aWorking class$xPolitical activity$xHistory 615 0$aProtest movements 615 0$aOpposition (Political science) 676 $a943/.1087 700 $aDale$b Gareth.$0750247 801 0$bMiAaPQ 801 1$bMiAaPQ 801 2$bMiAaPQ 906 $aBOOK 912 $a9910450984903321 996 $aPopular protest in East Germany, 1945-1989$92078840 997 $aUNINA LEADER 01119nam 2200301 n 450 001 996392728903316 005 20221108082619.0 035 $a(CKB)4940000000113600 035 $a(EEBO)2264219015 035 $a(UnM)9958547400971 035 $a(EXLCZ)994940000000113600 100 $a19980226d1662 uy 101 0 $aeng 135 $aurbn||||a|bb| 200 12$aA poem royal to the sacred Maiesty of Charles the II. King of Great Britain$b[electronic resource] $eAnd the illustrious Donna Catharina His incomparable consort. /$fBy J.L. Esq 210 $aLondon, $cPrinted for Giles Calvert, at the Black-spread-Eagle near the west-end of Pauls$d1662 215 $a1 sheet ([1] p.) 300 $aVerse: "COnfusion, with grey winter's snow's dis-". 300 $aIn two columns. 300 $aReproduction of original in the British Library. 330 $aeebo-0018 700 $aJ. L$01002880 801 0$bCu-RivES 801 1$bCu-RivES 906 $aBOOK 912 $a996392728903316 996 $aA poem royal to the sacred Maiesty of Charles the II. King of Great Britain$92397299 997 $aUNISA